[Event "Rio de Janeiro op 3rd"]
[Site "Rio de Janeiro"]
[Date "2024.04.22"]
[Round "1"]
[White "Borensztajn, David"]
[Black "De Albuquerque, Ian Telek C"]
[Result "0-1"]
[WhiteElo "1734"]
[BlackElo "2134"]
[PlyCount "44"]
[EventDate "2024.04.22"]
[EventType "swiss"]
[EventRounds "9"]
[EventCountry "BRA"]
[SourceTitle "CB18_2024"]
[SourceDate "2024.05.01"]
[SourceVersion "1"]
[SourceVersionDate "2024.05.01"]
[SourceQuality "2"]

1. d4 Nf6 2. Nf3 g6 3. Nc3 d5 4. Bf4 Bg7 5. Nb5 Na6 6. e3 0-0 7. Be2 Bf5 8. Nh4 Bd7 9. a4 c6 10. Nc3 Ne4 11. Nf3 Qa5 12. 0-0 Nxc3 13. bxc3 Qxc3 14. Rb1 Bf5 15. Rxb7 Nb4 16. Rxe7 Bxc2 17. Qa1 Qxa1 18. Rxa1 a5 19. Ne1 Bb3 20. Ra3 Bc4 21. Bxc4 dxc4 22. Rc3 Nd5 0-1

[Event "Sao Paulo Sampa op"]
[Site "Sao Paulo"]
[Date "2024.01.30"]
[Round "2"]
[White "Freire Dos Santos, Fernando Juni"]
[Black "De Albuquerque, Ian Telek C"]
[Result "1-0"]
[WhiteElo "2256"]
[BlackElo "2089"]
[PlyCount "101"]
[EventDate "2024.01.29"]
[EventType "swiss"]
[EventRounds "9"]
[EventCountry "BRA"]
[SourceTitle "CB06_2024"]
[SourceDate "2024.02.07"]
[SourceVersion "1"]
[SourceVersionDate "2024.02.07"]
[SourceQuality "1"]

1. d4 Nf6 2. c4 g6 3. Nc3 Bg7 4. e4 d6 5. Nge2 0-0 6. Ng3 c5 7. d5 e6 8. Be2 exd5 9. cxd5 Na6 10. 0-0 Nc7 11. Bg5 h6 12. Be3 Re8 13. a4 Rb8 14. Qd2 Kh7 15. h3 b6 16. f3 a6 17. Rab1 b5 18. axb5 Nxb5 19. Bxb5 axb5 20. b4 Nd7 21. Nge2 Ba6 22. Bf2 Qf6 23. Rfc1 Rec8 24. Qa2 Ra8 25. f4 Qe7 26. Qd2 Rab8 27. Rc2 Nb6 28. Ra2 Na4 29. bxc5 Nxc3 30. Nxc3 b4 31. Rxa6 bxc3 32. Qc2 Rb2 33. Rxb2 cxb2 34. Rb6 Qa7 35. c6 Qa1+ 36. Kh2 Qc1 37. Qd3 Ra8 38. e5 Ra1 39. Qe3 b1Q 40. Rxb1 Qxb1 41. exd6 Ra8 42. d7 Qb8 43. Qb6 Qd6 44. Qc5 Bf8 45. Qxd6 Bxd6 46. Bb6 Bxf4+ 47. g3 Bd6 48. d8Q Rxd8 49. Bxd8 Kg7 50. c7 Bxc7 51. Bxc7 1-0

[Event "Niteroi op 3rd"]
[Site "Niteroi"]
[Date "2023.09.08"]
[Round "7"]
[White "Labussiere, Yago"]
[Black "De Albuquerque, Ian Telek C"]
[Result "1/2-1/2"]
[WhiteElo "2203"]
[BlackElo "2012"]
[PlyCount "120"]
[EventDate "2023.09.04"]
[EventType "swiss"]
[EventRounds "9"]
[EventCountry "BRA"]
[SourceTitle "EXT 2024"]
[Source "ChessBase"]
[SourceDate "2023.10.10"]
[SourceVersion "1"]
[SourceVersionDate "2023.10.10"]
[SourceQuality "1"]

1. c4 c5 2. Nf3 Nf6 3. d4 cxd4 4. Nxd4 Nc6 5. Nc3 g6 6. e4 d6 7. Be2 Bg7 8. Be3 0-0 9. 0-0 Bd7 10. f3 a6 11. Qd2 Rb8 12. a3 Nxd4 13. Bxd4 b5 14. cxb5 axb5 15. Na2 Qc7 16. Rac1 Qb7 17. Nb4 Be6 18. Nc6 Rbc8 19. Na5 Qa6 20. b4 d5 21. e5 Nd7 22. Qe3 Rfe8 23. a4 Rc4 24. Nxc4 dxc4 25. a5 Nb8 26. f4 Nc6 27. Bc3 Bd5 28. Ra1 e6 29. Qb6 Qxb6+ 30. axb6 Rb8 31. Ra6 Bf8 32. Rb1 Be4 33. Rb2 Ne7 34. Bd4 Nd5 35. Bc5 c3 36. Rb3 c2 37. Ra1 Nxb6 38. Re3 Bc6 39. Bxf8 Kxf8 40. Rd3 Be4 41. Rb3 Rc8 42. Rc1 Nd5 43. Kf2 Nc3 44. Rb2 Na4 45. Rb3 Nc3 46. Rb2 Rd8 47. Ke1 Rc8 48. g3 Ra8 49. Kd2 Na2 50. Rcxc2 Bxc2 51. Kxc2 Ra4 52. Bxb5 Rxb4 53. Rxa2 Rxb5 54. Kd3 Rb4 55. Ke3 Rc4 56. Kf3 Rb4 57. Kg4 Kg7 58. Rc2 Rb3 59. Rd2 Rc3 60. Kh3 Rb3 1/2-1/2

[Event "Niteroi op 3rd"]
[Site "Niteroi"]
[Date "2023.09.04"]
[Round "1"]
[White "Correia, Leonardo Henrique D"]
[Black "De Albuquerque, Ian Telek C"]
[Result "0-1"]
[WhiteElo "1441"]
[BlackElo "2012"]
[PlyCount "80"]
[EventDate "2023.09.04"]
[EventType "swiss"]
[EventRounds "9"]
[EventCountry "BRA"]
[SourceTitle "EXT 2024"]
[Source "ChessBase"]
[SourceDate "2023.10.10"]
[SourceVersion "1"]
[SourceVersionDate "2023.10.10"]
[SourceQuality "1"]

1. e4 c5 2. d4 cxd4 3. Qxd4 Nc6 4. Qd3 g6 5. Nf3 Bg7 6. c4 Nf6 7. a3 0-0 8. e5 Ng4 9. e6 fxe6 10. Be2 Nce5 11. Qc2 Nxf3+ 12. Bxf3 Ne5 13. Be2 d5 14. 0-0 Qc7 15. Nd2 b6 16. f4 Nxc4 17. Nxc4 Ba6 18. Bd3 Bxc4 19. Rf3 Qc5+ 20. Be3 Bxd3 21. Qxd3 d4 22. Rc1 Qd5 23. Bd2 Rac8 24. Rcf1 Qf5 25. Qb3 Rc6 26. Rh3 Qc2 27. Qf3 Rfc8 28. Bb4 Qxb2 29. Qe4 Qc2 30. Qe1 Qf5 31. Bd2 Rc2 32. g4 Qxg4+ 33. Rg3 Qf5 34. Rg5 Qd3 35. Qxe6+ Kh8 36. Rf2 Rf8 37. Rg4 Rxd2 38. Rxd2 Qxd2 39. Rg3 Qxf4 40. Rh3 Qf1# 0-1

[Event "Rio de Janeiro op 2nd"]
[Site "Rio de Janeiro"]
[Date "2023.05.04"]
[Round "5"]
[White "De Albuquerque, Ian Telek C"]
[Black "Rodriguez Vila, Andres"]
[Result "0-1"]
[WhiteElo "2056"]
[BlackElo "2431"]
[PlyCount "94"]
[EventDate "2023.05.02"]
[EventType "swiss"]
[EventRounds "9"]
[EventCountry "BRA"]
[SourceTitle "CBM 214 Extra"]
[Source "ChessBase"]
[SourceDate "2023.07.31"]
[SourceVersion "1"]
[SourceVersionDate "2023.07.31"]
[SourceQuality "1"]

1. e4 c5 2. Nf3 a6 3. c3 g6 4. d4 cxd4 5. cxd4 d5 6. e5 Bg4 7. Nc3 Nc6 8. Be3 e6 9. Be2 Nge7 10. 0-0 Nf5 11. Qd2 Be7 12. Rad1 0-0 13. h3 Bxf3 14. Bxf3 Rc8 15. Be2 Na5 16. g4 Nxe3 17. Qxe3 Qb6 18. Rd2 Nc4 19. Bxc4 Rxc4 20. g5 Rfc8 21. h4 Qa5 22. a3 b5 23. Kg2 b4 24. Ne2 bxa3 25. bxa3 Rc2 26. Rd3 Ra2 27. h5 Rcc2 28. hxg6 hxg6 29. Qf4 Qd8 30. Rh3 Bf8 31. Nc3 Rxa3 32. Rh7 Bg7 33. Rfh1 Rcxc3 34. Qh4 Rh3 35. Rxh3 Rxh3 36. Kxh3 a5 37. Kh2 Qb6 38. Rh6 Qb1 39. Qf4 Bxh6 40. gxh6 Qf5 41. Qd2 a4 42. Kg2 Qg4+ 43. Kh2 Qf3 44. Qc2 Qf4+ 45. Kg1 Qg4+ 46. Kf1 Qxd4 47. Qc7 Qc4+ 0-1

[Event "Rio de Janeiro op 2nd"]
[Site "Rio de Janeiro"]
[Date "2023.05.03"]
[Round "2"]
[White "Rodrigues, Edgar"]
[Black "De Albuquerque, Ian Telek C"]
[Result "1-0"]
[WhiteElo "2312"]
[BlackElo "2056"]
[PlyCount "113"]
[EventDate "2023.05.02"]
[EventType "swiss"]
[EventRounds "9"]
[EventCountry "BRA"]
[SourceTitle "CBM 214 Extra"]
[Source "ChessBase"]
[SourceDate "2023.07.31"]
[SourceVersion "1"]
[SourceVersionDate "2023.07.31"]
[SourceQuality "1"]

1. e4 c5 2. Nf3 d6 3. d4 cxd4 4. Nxd4 Nf6 5. Nc3 a6 6. Qf3 g6 7. h3 Bg7 8. Be3 Bd7 9. 0-0-0 Nc6 10. g4 h6 11. Qg2 b5 12. f4 Rc8 13. Kb1 0-0 14. f5 Ne5 15. Nd5 Nxd5 16. exd5 Nc4 17. Bxc4 bxc4 18. Qe4 c3 19. b3 Qa5 20. Rhf1 g5 21. h4 Rc4 22. Ka1 Rb8 23. Qxe7 Re8 24. Qxd7 Rxe3 25. Nc6 Qa3 26. Rb1 Rce4 27. Qd8+ Kh7 28. Qa5 Qxa5 29. Nxa5 gxh4 30. Nc4 Re2 31. Nxd6 Rxg4 32. f6 Bf8 33. Nxf7 Rxc2 34. Rg1 Rgg2 35. Rxg2 Rxg2 36. d6 Rd2 37. Rc1 h3 38. Rxc3 h2 39. Rh3 Bxd6 40. Rxh6+ Kg8 41. Nxd6 Rd1+ 42. Kb2 h1Q 43. Rxh1 Rxh1 44. Kc3 Rh6 45. Ne4 Rh4 46. Kd4 Kf7 47. b4 Ke6 48. a4 Rf4 49. b5 axb5 50. axb5 Rh4 51. b6 Rh8 52. b7 Rd8+ 53. Kc5 Kd7 54. Kb6 Rf8 55. Ka7 Kc7 56. Nc5 Rh8 57. f7 1-0

[Event "Cinelandia Cortinhas Memorial 4th"]
[Site "Rio de Janeiro"]
[Date "2022.03.12"]
[Round "1"]
[White "Alves, Alex Freire Lima"]
[Black "De Albuquerque, Ian Telek C"]
[Result "0-1"]
[WhiteElo "1800"]
[BlackElo "1898"]
[PlyCount "54"]
[EventDate "2022.03.12"]
[EventType "swiss"]
[EventRounds "6"]
[EventCountry "BRA"]
[SourceTitle "CBM 207 Extra"]
[Source "ChessBase"]
[SourceDate "2022.05.31"]
[SourceVersion "1"]
[SourceVersionDate "2022.05.31"]
[SourceQuality "1"]

1. e4 c5 2. Nf3 Nc6 3. Nc3 Nf6 4. Bc4 e6 5. e5 Ng4 6. Qe2 Qc7 7. 0-0 Ncxe5 8. Nxe5 Nxe5 9. d3 a6 10. a4 Bd6 11. f4 Nxc4 12. dxc4 0-0 13. Ne4 Be7 14. Be3 f5 15. Ng3 b6 16. b3 Bb7 17. Rad1 d5 18. cxd5 exd5 19. c3 Rae8 20. Qd2 Qc6 21. Rf2 g6 22. h3 Bf6 23. b4 cxb4 24. cxb4 Bc3 25. b5 Bxd2 26. bxc6 Bxe3 27. cxb7 Re7 0-1

[Event "Pan American-ch Hybrid U14 31st"]
[Site "Tornelo INT"]
[Date "2021.09.04"]
[Round "7"]
[White "Amigo Quintana, Antu"]
[Black "De Albuquerque, Ian Telek C"]
[Result "1/2-1/2"]
[WhiteElo "1779"]
[BlackElo "1923"]
[PlyCount "53"]
[EventDate "2021.09.04"]
[EventType "swiss"]
[EventRounds "9"]
[EventCountry "NET"]
[SourceTitle "EXT 2023"]
[Source "ChessBase"]
[SourceDate "2022.10.05"]
[SourceVersion "1"]
[SourceVersionDate "2022.10.05"]
[SourceQuality "1"]

1. d4 Nf6 2. c4 g6 3. Nc3 d5 4. cxd5 Nxd5 5. e4 Nxc3 6. bxc3 Bg7 7. Nf3 c5 8. Rb1 0-0 9. Be2 cxd4 10. cxd4 Qa5+ 11. Bd2 Qxa2 12. 0-0 Bg4 13. Bg5 h6 14. Be3 Nc6 15. d5 Bxf3 16. gxf3 Ne5 17. Bd4 Rfc8 18. f4 Nc4 19. Bxg7 Kxg7 20. Rxb7 Nd2 21. Qa1+ Qxa1 22. Rxa1 Nxe4 23. Rxe7 Re8 24. Rxe8 Rxe8 25. Rxa7 Nc3 26. Bc4 Rc8 27. Ba2 1/2-1/2

[Event "Pan American-ch Hybrid U14 31st"]
[Site "Tornelo INT"]
[Date "2021.09.04"]
[Round "9"]
[White "De Albuquerque, Ian Telek C"]
[Black "Montes Orozco, Miguel Angel"]
[Result "1/2-1/2"]
[WhiteElo "1923"]
[BlackElo "2003"]
[PlyCount "54"]
[EventDate "2021.09.04"]
[EventType "swiss"]
[EventRounds "9"]
[EventCountry "NET"]
[SourceTitle "EXT 2023"]
[Source "ChessBase"]
[SourceDate "2022.10.05"]
[SourceVersion "1"]
[SourceVersionDate "2022.10.05"]
[SourceQuality "1"]

1. Nf3 Nf6 2. c4 c6 3. Nc3 d5 4. e3 e6 5. b3 Bd6 6. Bb2 Nbd7 7. Qc2 b6 8. Rg1 Qc7 9. g4 h6 10. h4 g5 11. hxg5 hxg5 12. Nxg5 Rg8 13. f4 dxc4 14. Bxc4 b5 15. Be2 e5 16. Nge4 exf4 17. Nxd6+ Qxd6 18. exf4 Qxf4 19. 0-0-0 Rg5 20. Rgf1 Qd6 21. Ne4 Nxe4 22. Qxe4+ Qe6 23. Qh7 Nf8 24. Qh8 Qg6 25. Ba3 Qg7 26. Qxg7 Rxg7 27. Bf3 Bd7 1/2-1/2

[Event "Niteroi op 1st"]
[Site "Niteroi"]
[Date "2019.09.08"]
[Round "7"]
[White "Donoso Diaz, Sebastian"]
[Black "De Albuquerque, Ian Telek C"]
[Result "1-0"]
[WhiteElo "2193"]
[BlackElo "1922"]
[PlyCount "61"]
[EventDate "2019.09.04"]
[EventType "swiss"]
[EventRounds "7"]
[EventCountry "BRA"]
[SourceTitle "EXT 2020"]
[Source "ChessBase"]
[SourceDate "2019.10.17"]
[SourceVersion "1"]
[SourceVersionDate "2019.10.17"]
[SourceQuality "1"]

1. Nf3 Nf6 2. c4 c5 3. Nc3 d5 4. cxd5 Nxd5 5. e3 Nxc3 6. bxc3 g6 7. h4 Bg7 8. h5 0-0 9. Bc4 Nc6 10. Qc2 Bf5 11. e4 Bg4 12. hxg6 hxg6 13. Nh2 Bd7 14. 0-0 Ne5 15. Be2 Qc7 16. a4 Rad8 17. Ba3 Be6 18. d3 b6 19. Rac1 Rd7 20. Bb2 Rc8 21. Qb1 Bh6 22. f4 Nc6 23. f5 gxf5 24. exf5 Be3+ 25. Kh1 Bb3 26. Rf3 Bxc1 27. Qxc1 f6 28. Qh6 e6 29. Ng4 exf5 30. Nxf6+ Kf7 31. Qh7+ 1-0

[Event "Niteroi op 1st"]
[Site "Niteroi"]
[Date "2019.09.06"]
[Round "5"]
[White "Nobre, Jose Adalberto Barb"]
[Black "De Albuquerque, Ian Telek C"]
[Result "0-1"]
[WhiteElo "1590"]
[BlackElo "1922"]
[PlyCount "58"]
[EventDate "2019.09.04"]
[EventType "swiss"]
[EventRounds "7"]
[EventCountry "BRA"]
[SourceTitle "EXT 2020"]
[Source "ChessBase"]
[SourceDate "2019.10.17"]
[SourceVersion "1"]
[SourceVersionDate "2019.10.17"]
[SourceQuality "1"]

1. e4 c5 2. Nc3 Nc6 3. f4 g6 4. Nf3 Bg7 5. Bb5 e6 6. Bxc6 dxc6 7. 0-0 Ne7 8. d3 0-0 9. Be3 b6 10. Qe1 a5 11. Rd1 Ba6 12. Qf2 Qc7 13. Rfe1 Rab8 14. Na4 f5 15. Ng5 Qd7 16. c4 e5 17. b3 exf4 18. Qxf4 h6 19. Nh3 g5 20. Qf1 f4 21. Bc1 Bd4+ 22. Kh1 b5 23. Nb2 Ng6 24. e5 Nxe5 25. Rxe5 Bxe5 26. Re1 Bd4 27. Nf2 Bxf2 28. Qxf2 Qd4 29. Qf3 Rbe8 0-1

[Event "Niteroi op 1st"]
[Site "Niteroi"]
[Date "2019.09.05"]
[Round "3"]
[White "Parreira, Teodora Ribeiro"]
[Black "De Albuquerque, Ian Telek C"]
[Result "0-1"]
[WhiteElo "1575"]
[BlackElo "1922"]
[PlyCount "114"]
[EventDate "2019.09.04"]
[EventType "swiss"]
[EventRounds "7"]
[EventCountry "BRA"]
[SourceTitle "EXT 2020"]
[Source "ChessBase"]
[SourceDate "2019.10.17"]
[SourceVersion "1"]
[SourceVersionDate "2019.10.17"]
[SourceQuality "1"]

1. e4 c5 2. Nf3 d6 3. d4 cxd4 4. Nxd4 Nf6 5. Nc3 a6 6. Be3 e5 7. Nb3 Be6 8. f3 h5 9. Qd2 Nbd7 10. Be2 Qc7 11. h4 Be7 12. 0-0-0 0-0-0 13. Kb1 Kb8 14. g3 Nb6 15. Na5 d5 16. exd5 Nbxd5 17. Nb3 Nxc3+ 18. Qxc3 Qxc3 19. bxc3 Nd5 20. Bd2 Rc8 21. Kb2 Nb6 22. Rhe1 Na4+ 23. Kb1 Nxc3+ 24. Bxc3 Rxc3 25. Bd3 Bf6 26. Be4 Rd8 27. Kb2 Rc7 28. Rxd8+ Bxd8 29. Rd1 Rd7 30. Rxd7 Bxd7 31. Nc5 Bc8 32. Bd3 Be7 33. Ne4 Be6 34. c4 f5 35. Nc3 Kc7 36. Ne2 Kd6 37. Kc2 Kc5 38. Kb3 b5 39. Kc3 Bxc4 40. Bxc4 bxc4 41. a4 Bf6 42. Kc2 g5 43. hxg5 Bxg5 44. Kc3 Be3 45. Kc2 Bd4 46. a5 Kb5 47. f4 Kxa5 48. Kb1 Kb4 49. Kc2 a5 50. Kb1 a4 51. Ka2 c3 52. Kb1 a3 53. Ka2 c2 54. Nc1 Bb2 55. Nd3+ Kc3 56. g4 Kxd3 57. gxf5 c1Q 0-1

[Event "BRA-ch U12"]
[Site "Florianopolis"]
[Date "2019.04.18"]
[Round "1"]
[White "De Albuquerque, Ian Telek C"]
[Black "Juliatto, Francisco Machado"]
[Result "1-0"]
[WhiteElo "1673"]
[BlackElo "1252"]
[PlyCount "45"]
[EventDate "2019.04.18"]
[EventType "swiss"]
[EventRounds "6"]
[EventCountry "BRA"]
[SourceTitle "CBM 190 Extra"]
[Source "ChessBase"]
[SourceDate "2019.07.15"]
[SourceVersion "1"]
[SourceVersionDate "2019.07.15"]
[SourceQuality "1"]

1. c4 e5 2. Nc3 Nf6 3. g3 Bc5 4. Bg2 c6 5. e3 d5 6. d4 Bd6 7. cxd5 cxd5 8. dxe5 Bxe5 9. Nxd5 Nc6 10. Ne2 Bf5 11. 0-0 0-0 12. Nec3 a5 13. Qa4 Bd6 14. e4 Bd7 15. Qb3 Nb4 16. Be3 a4 17. Qd1 Nbxd5 18. Nxd5 a3 19. Nb6 Ra6 20. Qxd6 axb2 21. Rad1 Re8 22. e5 Re6 23. Qd3 1-0

[Event "Wch U10"]
[Site "Santiago de Compostela"]
[Date "2018.11.14"]
[Round "10"]
[White "Vetokhin, Savva"]
[Black "De Albuquerque, Ian Telek C"]
[Result "1-0"]
[WhiteElo "1874"]
[BlackElo "1725"]
[PlyCount "85"]
[EventDate "2018.11.04"]
[EventType "swiss"]
[EventRounds "11"]
[EventCountry "ESP"]
[SourceTitle "EXT 2022"]
[Source "ChessBase"]
[SourceDate "2021.10.06"]
[SourceVersion "1"]
[SourceVersionDate "2021.10.06"]
[SourceQuality "1"]

1. e4 c5 2. Nf3 d6 3. g3 Nc6 4. Bg2 g6 5. d4 cxd4 6. Nxd4 Bg7 7. Be3 Bd7 8. Nc3 Nf6 9. 0-0 0-0 10. h3 Rc8 11. Nb3 Ne5 12. Nd2 Nc4 13. Nxc4 Rxc4 14. Qd3 Qc7 15. Bd4 Rc8 16. Bxf6 Bxf6 17. Nd5 Qc5 18. c3 Qb5 19. Rfb1 R4c5 20. Nxf6+ exf6 21. Qxd6 Be6 22. Qd2 Qb6 23. Rd1 R5c7 24. Qc2 Kg7 25. Rd2 Qb5 26. Qd3 Qa4 27. Qe3 a6 28. e5 f5 29. Qg5 Rd7 30. Rxd7 Qxd7 31. Bf3 Qd3 32. Qe3 Qb5 33. b3 Rc5 34. c4 Qa5 35. Qd4 Kg8 36. Bxb7 Rxe5 37. b4 Qc7 38. Bxa6 Re4 39. Qc5 Qxc5 40. bxc5 Bxc4 41. Bb7 Re5 42. c6 Rc5 43. Rc1 1-0